MARC details
| 000 -LEADER |
| campo de control de longitud fija |
01281nam a2200301 i 4500 |
| 001 - NÚMERO DE CONTROL |
| campo de control |
185320 |
| 003 - IDENTIFICADOR DE NÚMERO DE CONTROL |
| campo de control |
ES-MaACL |
| 005 - FECHA Y HORA DE LA ÚLTIMA TRANSACCIÓN |
| campo de control |
20250828044056.0 |
| 008 - DATOS DE LONGITUD FIJA--INFORMACIÓN GENERAL |
| campo de control de longitud fija |
160520s2015 sp |||| | spa d |
| 020 ## - NÚMERO INTERNACIONAL ESTÁNDAR DEL LIBRO |
| Número Internacional Estándar del Libro |
978-84-941430-2-1 |
| 080 ## - NÚMERO DE LA CLASIFICACIÓN DECIMAL UNIVERSAL |
| Número de la Clasificación Decimal Universal |
373.2(460) |
| 080 ## - NÚMERO DE LA CLASIFICACIÓN DECIMAL UNIVERSAL |
| Número de la Clasificación Decimal Universal |
372.3(460) |
| 245 03 - MENCIÓN DEL TÍTULO |
| Título |
La educación infantil en España |
| Resto del título |
: planteamiento, situación y perspectivas de la educación de 0 a 6 años / |
| Mención de responsabilidad, etc. |
Pepa Alcrudo, Alicia Alonso, Mercedes Escobar, Alfredo Hoyuelos, Ángeles Medina, Alicia Vallejo. |
| 246 34 - FORMA VARIANTE DEL TITULO |
| Título propio/Titulo breve |
La educación infantil de 0 a 6 años en España |
| 250 ## - MENCION DE EDICION |
| Mención de edición |
1ª ed. |
| 260 ## - PUBLICACIÓN, DISTRIBUCIÓN, ETC. |
| Lugar de publicación, distribución, etc. |
[Madrid] : |
| Nombre del editor, distribuidor, etc. |
Fantasía, |
| Fecha de publicación, distribución, etc. |
2015. |
| 300 ## - DESCRIPCIÓN FÍSICA |
| Extensión |
341 p. ; |
| Dimensiones |
24 cm. |
| 490 1# - MENCIÓN DE SERIE |
| Mención de serie |
Causas justas ; |
| Designación de volumen o secuencia |
1 |
| 504 ## - NOTA DE BIBLIOGRAFÍA, ETC. |
| Nota de bibliografía, etc. |
Bibliografía: p. 219-231; p. 278-279. |
| 505 8# - NOTA DE CONTENIDO CON FORMATO |
| Nota de contenido con formato |
Contiene: ; |
| Título |
Un recorrido histórico por la educación infantil: de la dictadura a la democracia (1970-2012) |
| 650 07 - PUNTO DE ACCESO ADICIONAL DE MATERIA--TÉRMINO DE MATERIA |
| Término de materia o nombre geográfico como elemento de entrada |
Educación Infantil |
| Fuente del encabezamiento o término |
embne |
| 9 (RLIN) |
12111 |
| 650 #4 - PUNTO DE ACCESO ADICIONAL DE MATERIA--TÉRMINO DE MATERIA |
| Término de materia o nombre geográfico como elemento de entrada |
Enseñanza preescolar- |
| Subdivisión geográfica |
España. |
| 9 (RLIN) |
156680 |
| 740 32 - ENTRADA AGREGADA--TÍTULO RELACIONADO/ANALÍTICO NO CONTROLADO |
| Título relacionado o analítico no controlado |
Un recorrido histórico por la educación infantil: de la dictadura a la democracia (1970-2012) |
| 830 0# - PUNTO DE ACCESO ADICIONAL DE SERIE-TÍTULO UNIFORME |
| Título uniforme |
Causas justas ; |
| Designación de volumen o secuencia |
1 |
| 9 (RLIN) |
225188 |
| 852 ## - LOCALIZACIÓN |
| Ubicación |
ES-MaACL |
| Número de control de estantería |
A-13757 |
| itemnumber |
192345 |
| Sublocalización o colección |
R.150994 |
| Ubicación en estantería |
Depósito 1 |
| Signatura antigua |
Olim: N-6757 |
| 942 ## - ELEMENTOS DE ENTRADA SECUNDARIOS (KOHA) |
| Fuente del sistema de clasificación o colocación |
Clasificación decimal universal |
| Tipo de ítem Koha |
Libro impreso |